| 000 | 00437nam a2200097Ia 4500 | ||
|---|---|---|---|
| 008 | 180130s9999 xx 000 0 und d | ||
| 245 |
_cLynn, Steven Jay; Berg, Joanna M.; Lilienfeld, Scott O.; Merckelbach, Harald; Giesbrecht, Timo; Accardi, Michelle; Cleere, Colleen _aDissociative disorders |
||
| 260 | _c2014 | ||
| 300 | _aBook title: Adult psychopathology and diagnosis--Acession number C20776; pages 407-450 | ||
| 650 | _aPSYCHOPATHOLOGY | ||
| 999 |
_c353916 _d353916 |
||